书目信息 |
| 题名: |
日语专业四级考试
|
|
| 作者: | 孙成岗 , 李先瑞 总主编 ;傅冰 , 费建华 册主编 | |
| 分册: | 文字词汇篇 | |
| 出版信息: | 大连 大连理工大学出版社 2014.4 |
|
| 页数: | 198页 | |
| 开本: | 26cm | |
| 丛书名: | 高等院校外语专业四·八级考试辅导丛书 | |
| 单 册: | ||
| 中图分类: | H360.42 , H363.1 | |
| 科图分类: | ||
| 主题词: | 日语--ri yu--高等学校--自学参考资料 , 高等学校--gao deng xue jiao , 自学参考资料--zi xue can kao zi liao | |
| 电子资源: | ||
| ISBN: | 978-7-5611-9021-0 | |
| 000 | 01454nam0 22003251 450 | |
| 001 | 0116132755 | |
| 005 | 20161219101943.71 | |
| 010 | @a978-7-5611-9021-0@dCNY29.00 | |
| 100 | @a20140617d2014 em y0chiy50 ea | |
| 101 | 0 | @achi@ajpn |
| 102 | @aCN@b210000 | |
| 105 | @ay z 000yy | |
| 106 | @ar | |
| 200 | 1 | @a日语专业四级考试@9ri yu zhuan ye si ji kao shi@i文字词汇篇@f孙成岗,李先瑞总主编@g傅冰,费建华册主编 |
| 210 | @a大连@c大连理工大学出版社@d2014.4 | |
| 215 | @a198页@d26cm | |
| 225 | 2 | @a高等院校外语专业四·八级考试辅导丛书@9gao deng yuan jiao wai yu zhuan ye si ba ji kao shi fu dao cong shu@f孙成岗主编 |
| 330 | @a本书由文字、词汇、综合练习和附录四部分构成,文字部分列举大纲所要求掌握汉字的常见读音,所列有相应汉字读音的词语多为考试中常见词汇;词汇部分以日汉双解的形式对词条的常见义项进行解说;综合练习部分为四级考试文字与词汇部分的模拟练习题;附录部分列举了常用难读汉字的读音,并给出了各类练习题的参考答案。 | |
| 461 | 0 | @12001 @a高等院校外语专业四·八级考试辅导丛书 |
| 606 | 0 | @a日语@9ri yu@x高等学校@j自学参考资料 |
| 606 | 0 | @a高等学校@9gao deng xue jiao |
| 606 | 0 | @a自学参考资料@9zi xue can kao zi liao |
| 690 | @aH360.42@v5 | |
| 690 | @aH363.1@v5 | |
| 701 | 0 | @a孙成岗@9sun cheng gang@4总主编 |
| 701 | 0 | @a李先瑞@9li xian rui@f(1967~)@4总主编 |
| 702 | 0 | @a傅冰@9fu bing@f(1976~)@4册主编 |
| 702 | 0 | @a费建华@9fei jian hua@c(日语)@4册主编 |
| 801 | 0 | @aCN@bTANGWEI@c20161216 |
| 905 | @b0952959-63@dH360.42@e566@f5 | |
| 日语专业四级考试.文字词汇篇/孙成岗,李先瑞总主编/傅冰,费建华册主编.-大连:大连理工大学出版社,2014.4 |
| 198页;26cm.-(高等院校外语专业四·八级考试辅导丛书/孙成岗主编) |
| ISBN 978-7-5611-9021-0:CNY29.00 |
| 本书由文字、词汇、综合练习和附录四部分构成,文字部分列举大纲所要求掌握汉字的常见读音,所列有相应汉字读音的词语多为考试中常见词汇;词汇部分以日汉双解的形式对词条的常见义项进行解说;综合练习部分为四级考试文字与词汇部分的模拟练习题;附录部分列举了常用难读汉字的读音,并给出了各类练习题的参考答案。 |
| ● |
| 相关链接 |
|
|
|
|
正题名:日语专业四级考试
索取号:H360.42/566
 
预约/预借
| 序号 | 登录号 | 条形码 | 馆藏地/架位号 | 状态 | 备注 |
| 1 | 0952959 | 209529599 | 第二样本阅览室/ [索取号:H360.42/566] | 在馆 | |
| 2 | 0952960 | 209529606 | 第四借阅区/ [索取号:H360.42/566] | 在馆 | |
| 3 | 0952961 | 209529615 | 第四借阅区/ [索取号:H360.42/566] | 在馆 | |
| 4 | 0952962 | 209529624 | 第四借阅区/ [索取号:H360.42/566] | 在馆 | |
| 5 | 0952963 | 209529633 | 第四借阅区/ [索取号:H360.42/566] | 在馆 |